[Event "Tournoi Skype 012A"]
[Site "Skype"]
[Date "????.??.??"]
[Round "6.14"]
[White "Kumar Pradhan, Prachurya"]
[Black "Chaignet, Lucas"]
[Result "1/2-1/2"]
[WhiteElo "1589"]
[BlackElo "1711"]
[PlyCount "88"]

1. d4 Nf6 2. Nf3 b6 3. c4 e6 4. Nc3 Bb7 5. e3 d5 6. Bd3 Nbd7 7. O-O c5 8. Re1
cxd4 9. exd4 Bd6 10. Bg5 O-O 11. cxd5 exd5 12. Qc2 Be7 13. Ne5 h6 14. Bh4 Nxe5
15. Rxe5 Bd6 16. Bxf6 Qxf6 17. Re3 Qxd4 18. Rd1 Qc5 19. b4 Qc7 20. Rh3 Bxb4 21.
Nxd5 Qxc2 22. Bxc2 Bxd5 23. Rxd5 Rfd8 24. Rhd3 Be7 25. Rxd8+ Rxd8 26. Rxd8+
Bxd8 27. Kf1 Kf8 28. Ke2 Ke7 29. Bb3 Bc7 30. h4 f5 31. h5 Kf6 32. Kf3 Ke5 33.
Ke3 Bd8 34. g3 Bf6 35. f3 Be7 36. Bc4 Bc5+ 37. Kd3 Bf2 38. g4 f4 39. Kc3 Kd6
40. a4 Kc5 41. Bb5 Be1+ 42. Kb3 Kd4 43. Bc4 Kc5 44. Ba6 Bd2 1/2-1/2

[Event "Tournoi Skype 012A"]
[Site "Skype"]
[Date "????.??.??"]
[Round "6.15"]
[White "Briere, Jean"]
[Black "Kumar Pradhan, Soundarya"]
[Result "1/2-1/2"]
[WhiteElo "1519"]
[BlackElo "1682"]
[PlyCount "99"]

1. e4 e6 2. d4 d5 3. Nc3 Nf6 4. Bd3 Bb4 5. e5 Nfd7 6. Nf3 c5 7. a3 Bxc3+ 8.
bxc3 Qa5 9. Bd2 c4 10. Be2 Nc6 11. O-O Nb6 12. Qe1 a6 13. Kh1 Na4 14. Ng1 Na7
15. Bf3 Nb5 16. Ne2 O-O 17. Bg4 f6 18. exf6 Rxf6 19. Kg1 Qc7 20. g3 e5 21. Bxc8
Rxc8 22. dxe5 Qxe5 23. Nd4 Nxd4 24. cxd4 Qxd4 25. c3 Qe4 26. Rb1 b5 27. Rc1 Nc5
28. Qe3 Nb3 29. Rce1 Qxe3 30. Bxe3 Rd6 31. Rd1 Rcd8 32. Bd4 Nxd4 33. Rxd4 Kf7
34. Re1 Re6 35. Rxe6 Kxe6 36. f4 Kf5 37. Kg2 g5 38. Kf3 h5 39. fxg5 Kxg5 40.
h4+ Kf5 41. g4+ hxg4+ 42. Rxg4 d4 43. Rxd4 Rxd4 44. cxd4 a5 45. Ke3 b4 46. axb4
axb4 47. Kd2 c3+ 48. Kc2 Kf4 49. h5 Ke3 50. h6 1/2-1/2

[Event "Tournoi Skype 012A"]
[Site "Skype"]
[Date "????.??.??"]
[Round "6.16"]
[White "Talbot, Jacques"]
[Black "De Leener, Luc"]
[Result "0-1"]
[WhiteElo "1454"]
[BlackElo "1637"]
[PlyCount "72"]

1. e4 c5 2. Nf3 Nc6 3. d4 cxd4 4. Nxd4 Nf6 5. Nc3 d6 6. Be2 Bd7 7. Be3 e6 8.
O-O a6 9. a3 Be7 10. Qd2 Rc8 11. Rfd1 Qc7 12. Kh1 O-O 13. Nxc6 Bxc6 14. f3 Rfd8
15. Bc4 d5 16. exd5 exd5 17. Bf4 Bd6 18. Bxd6 Qxd6 19. Bd3 d4 20. Ne2 Qe5 21.
Qf4 Qxf4 22. Nxf4 h6 23. Bf5 Rc7 24. c3 g6 25. Bh3 g5 26. Nd3 dxc3 27. bxc3 Ba4
28. Rd2 Rxc3 29. Bf5 Bb5 30. Rad1 Rxa3 31. Kg1 Bxd3 32. Rxd3 Raxd3 33. Bxd3 b5
34. Kf2 Kf8 35. Ke3 Nd5+ 36. Kf2 Nf4 0-1

[Event "Tournoi Skype 012A"]
[Site "Skype"]
[Date "????.??.??"]
[Round "6.17"]
[White "Le Brun, Yves"]
[Black "Karia, Vijay"]
[Result "1-0"]
[WhiteElo "1628"]
[BlackElo "1499"]
[PlyCount "69"]

1. Nf3 Nc6 2. b3 e5 3. d3 e4 4. dxe4 Qf6 5. c3 Bc5 6. Bg5 Qg6 7. Qc2 d5 8. Nbd2
Nge7 9. e3 Bg4 10. O-O-O Bxf3 11. Nxf3 dxe4 12. Bxe7 Bxe7 13. Nd2 f5 14. g3
O-O-O 15. Be2 Rhe8 16. Nc4 Qf6 17. Kb1 g6 18. Nb2 Rd6 19. f4 exf3 20. Bxf3 Ne5
21. Be2 Rc6 22. Bb5 Nf7 23. Bxc6 Qxc6 24. Rhe1 Bf6 25. c4 Bg5 26. Nd3 Bxe3 27.
Nb4 Qf3 28. Nd5 g5 29. Qd3 f4 30. Nxc7 Rd8 31. Qf5+ Kb8 32. Rxd8+ Nxd8 33. Nd5
Bd4 34. Ne7 Qf2 35. Qc8# 1-0

[Event "Tournoi Skype 012A"]
[Site "Skype"]
[Date "????.??.??"]
[Round "6.18"]
[White "Fouquereau, Andre"]
[Black "Galani, Mahendra"]
[Result "1/2-1/2"]
[WhiteElo "1557"]
[BlackElo "1492"]
[PlyCount "80"]

1. e4 e5 2. Nf3 d6 3. c3 Be6 4. Be2 Nf6 5. O-O Nxe4 6. Qa4+ c6 7. Qxe4 Qf6 8.
Qb4 b6 9. d4 e4 10. Nfd2 d5 11. Qa4 Qg6 12. Kh1 Bd6 13. f4 exf3 14. Nxf3 Qf6
15. Bg5 Qg6 16. Qd1 O-O 17. Qd2 f6 18. Nh4 Qe8 19. Be3 Nd7 20. Nf3 c5 21. Bb5
cxd4 22. cxd4 Qb8 23. Bxd7 Bxd7 24. Nc3 b5 25. Ne5 fxe5 26. dxe5 Bxe5 27. Qxd5+
Kh8 28. Rxf8+ Qxf8 29. Qxe5 Re8 30. Qd4 Bc6 31. Kg1 b4 32. Rf1 Qe7 33. Nd1 Qb7
34. Rf2 Kg8 35. h3 Re4 36. Qd8+ Re8 37. Qg5 Re6 38. Rd2 Bd7 39. Qd8+ Be8 40.
Rd6 Qf7 1/2-1/2

[Event "Tournoi Skype 012A"]
[Site "Skype"]
[Date "????.??.??"]
[Round "6.19"]
[White "Holtz, Steve"]
[Black "Mulrooney, Justin"]
[Result "0-1"]
[WhiteElo "1494"]
[BlackElo "1550"]
[PlyCount "80"]

1. e4 e6 2. d4 d5 3. Nc3 Be7 4. Nf3 Nf6 5. exd5 Nxd5 6. Nxd5 exd5 7. c3 O-O 8.
Bd3 Bg4 9. Qc2 g6 10. Be3 Nd7 11. h3 Be6 12. g4 c5 13. dxc5 Nxc5 14. g5 Nxd3+
15. Qxd3 Bf5 16. Qe2 Be4 17. O-O-O Re8 18. Rhg1 Qa5 19. Nd2 Bf5 20. Nb1 Qxa2
21. Kd2 Qxb2+ 22. Ke1 Qxe2+ 23. Kxe2 Bxb1 24. Rxb1 b6 25. Rgd1 Rad8 26. Ra1
Bxg5 27. Rxa7 Bf6 28. Kd3 b5 29. Rb1 Rc8 30. Bd2 Rb8 31. Ra5 Bh4 32. f4 Kg7 33.
Raxb5 Rxb5 34. Rxb5 Rd8 35. Kd4 Bf6+ 36. Kc5 Rc8+ 37. Kxd5 Bxc3 38. Bxc3+ Rxc3
39. h4 Rh3 40. Ke4 Rxh4 0-1

[Event "Tournoi Skype 012A"]
[Site "Skype"]
[Date "????.??.??"]
[Round "6.20"]
[White "L'Herbon De Lussats, Jean"]
[Black "Belouin, Alexis"]
[Result "0-1"]
[WhiteElo "1525"]
[BlackElo "1402"]
[PlyCount "130"]

1. c4 e5 2. e4 g6 3. Nf3 Bg7 4. Nc3 d6 5. d3 c5 6. Nd5 Be6 7. Qb3 Bxd5 8. cxd5
Ne7 9. Qxb7 Nd7 10. Bg5 O-O 11. Be2 Nf6 12. h3 Qa5+ 13. Bd2 Rab8 14. Qxe7 Qb6
15. d4 Rbe8 16. dxc5 Qxc5 17. Be3 Qa5+ 18. Bd2 Qb6 19. Be3 Rxe7 20. Bxb6 axb6
21. Bd3 Rc8 22. O-O Rb8 23. a4 Ra7 24. b4 h5 25. Nd2 Bh6 26. Nc4 Ne8 27. b5 Bg5
28. a5 Bd8 29. a6 Rc8 30. g3 Rc5 31. Rab1 g5 32. f3 f6 33. Rf2 Kh7 34. h4 Kh6
35. Rh2 g4 36. fxg4 hxg4 37. Rf2 Rc8 38. Rbf1 Kg6 39. Rh2 Kh5 40. Rf5+ Kh6 41.
h5 Ng7 42. Rff2 Nxh5 43. Rh4 Rc5 44. Nxd6 Rd7 45. Nf5+ Kg6 46. Rxg4+ Kf7 47.
Rh4 Ng7 48. Rh7 Kg8 49. Rfh2 Rc1+ 50. Kf2 Rc8 51. Rh8+ Kf7 52. Be2 Rc2 53. R2h7
Kg6 54. Rh6+ Kf7 55. R6h7 Kg6 56. Nh4+ Kf7 57. Ke3 Rxe2+ 58. Kxe2 Be7 59. Nf5
Bf8 60. Nxg7 Bxg7 61. Rb8 Kg6 62. Rh4 Kg5 63. Rb7 Rxb7 64. axb7 f5 65. b8=Q
fxe4 0-1

[Event "Tournoi Skype 012A"]
[Site "Skype"]
[Date "????.??.??"]
[Round "6.21"]
[White "De Coninck, Philippe"]
[Black "Malbec, Robert"]
[Result "0-1"]
[WhiteElo "1420"]
[BlackElo "1518"]
[PlyCount "91"]

1. e4 c6 2. Nf3 d5 3. exd5 cxd5 4. d4 Bg4 5. h3 Bf5 6. c4 e6 7. Nc3 Bb4 8. Bd2
Nf6 9. Qa4+ Nc6 10. Ne5 Qa5 11. Qxa5 Bxa5 12. Nf3 O-O 13. cxd5 exd5 14. a3 a6
15. Be2 Rfe8 16. O-O Bxc3 17. Bxc3 Rxe2 18. Rfe1 Rf8 19. Rxe2 Bd3 20. Re3 Bc4
21. Rae1 Ne4 22. Nd2 Nxd2 23. Bxd2 Nxd4 24. Re8 Ne6 25. Rxf8+ Kxf8 26. Rc1 Nd4
27. Kh2 Nb3 28. Bb4+ Kg8 29. Re1 h6 30. Re8+ Kh7 31. Re7 a5 32. Bd2 Nxd2 33.
Rxb7 f6 34. a4 d4 35. b4 axb4 36. Rd7 d3 37. Rd4 Ba6 38. Kg3 Nf1+ 39. Kf4 d2
40. Kf3 Nh2+ 41. Ke3 Nf1+ 42. Kf3 Bb5 43. g4 Bxa4 44. Ke2 d1=Q+ 45. Rxd1 Bxd1+
46. Kxf1 0-1

[Event "Tournoi Skype 012A"]
[Site "Skype"]
[Date "????.??.??"]
[Round "6.22"]
[White "Dubois, Real"]
[Black "Khatanhar, Mohit"]
[Result "1-0"]
[WhiteElo "1560"]
[BlackElo "1420"]
[PlyCount "61"]

1. d4 d5 2. e3 e6 3. Bd3 c5 4. dxc5 Bxc5 5. Nf3 Nf6 6. c3 Nc6 7. Qc2 h6 8. Nd4
Be7 9. Nd2 Qc7 10. N2f3 Bd6 11. Nb5 Qb8 12. Nxd6+ Qxd6 13. O-O O-O 14. Rd1 Ne5
15. Be2 Neg4 16. h3 Ne5 17. Nd4 a6 18. f4 Ng6 19. Bf3 Nh7 20. Ne2 f5 21. b3 Nh4
22. Nd4 Nxf3+ 23. Nxf3 Bd7 24. Bb2 Bc6 25. Ne5 Nf6 26. Qc1 Nd7 27. Ba3 Nc5 28.
b4 Qc7 29. bxc5 Qe7 30. Ng6 Qh4 31. Nxh4 1-0

[Event "Tournoi Skype 012A"]
[Site "Skype"]
[Date "????.??.??"]
[Round "6.23"]
[White "Loyarte, Frederic"]
[Black "Hague, Mark"]
[Result "1-0"]
[WhiteElo "1519"]
[BlackElo "1448"]
[PlyCount "101"]

1. e4 c6 2. d4 d5 3. e5 Bf5 4. g4 Bg6 5. f4 h6 6. f5 Bh7 7. Bf4 e6 8. Bd3 Be7
9. Nf3 Bh4+ 10. Nxh4 Qxh4+ 11. Bg3 Qe7 12. O-O Nd7 13. Qf3 f6 14. h4 O-O-O 15.
exf6 Ngxf6 16. Qf4 Ne8 17. Re1 Rf8 18. Rxe6 Qxe6 19. fxe6 Rxf4 20. exd7+ Rxd7
21. Bxf4 g5 22. hxg5 hxg5 23. Bxg5 Bxd3 24. cxd3 Rg7 25. Be3 Rxg4+ 26. Kf2 Ng7
27. Nd2 Kc7 28. Rg1 Rxg1 29. Kxg1 Nf5 30. Bf2 Kd6 31. Nb3 Kc7 32. Nc5 a6 33.
Kg2 Kb6 34. a4 Nd6 35. b4 Ka7 36. Bg3 Nc8 37. a5 b6 38. Nd7 Kb7 39. Kf3 b5 40.
Nc5+ Ka7 41. Bc7 Ne7 42. Bb6+ Ka8 43. Nxa6 Nc8 44. Kf4 Nxb6 45. axb6 Kb7 46.
Nc5+ Kxb6 47. Ke5 Kc7 48. Ke6 Kb6 49. Kd6 Ka7 50. Kxc6 Ka8 51. Kxd5 1-0

[Event "Tournoi Skype 012A"]
[Site "Skype"]
[Date "????.??.??"]
[Round "6.24"]
[White "Grimwood, Robert"]
[Black "Antonic, Nenad"]
[Result "0-1"]
[WhiteElo "1550"]
[BlackElo "1489"]
[PlyCount "48"]

1. d4 d5 2. c4 e6 3. Nf3 c5 4. Nc3 Nf6 5. cxd5 exd5 6. g3 Be7 7. Bg2 O-O 8. O-O
Be6 9. b3 Nbd7 10. Qc2 h6 11. Bb2 Nb6 12. Rad1 c4 13. Ne5 cxb3 14. axb3 Nbd7
15. Nxd7 Qxd7 16. e3 a6 17. Ne2 Rac8 18. Qb1 Bd6 19. Nf4 Bxf4 20. exf4 Bf5 21.
Qa1 Rfe8 22. Rc1 Rxc1 23. Qxc1 Rc8 24. Qd2 Rc2 0-1

[Event "Tournoi Skype 012A"]
[Site "Skype"]
[Date "????.??.??"]
[Round "6.25"]
[White "Meaney, Mike"]
[Black "Gieschen, Mike"]
[Result "1-0"]
[WhiteElo "1508"]
[BlackElo "1538"]
[PlyCount "49"]

1. e4 c5 2. Nf3 Nc6 3. Nc3 d6 4. Bc4 Nf6 5. d3 g6 6. Be3 Bg7 7. Qd2 O-O 8. h4
h5 9. Bh6 Ng4 10. Bxg7 Kxg7 11. Ng5 e6 12. Nh3 Qxh4 13. O-O-O Nxf2 14. Nxf2 Qg3
15. Nh3 e5 16. Rdf1 f5 17. Ne2 Qxg2 18. Qe1 fxe4 19. Rfg1 Qf3 20. Rg3 Qf6 21.
Ng5 exd3 22. Bxd3 Nb4 23. Bxg6 Bg4 24. Bxh5 Bxh5 25. Ne4+ 1-0

[Event "Tournoi Skype 012A"]
[Site "Skype"]
[Date "????.??.??"]
[Round "6.26"]
[White "Duthoit, Bernard"]
[Black "Trivedi, Viral"]
[Result "0-1"]
[WhiteElo "1506"]
[BlackElo "1542"]
[PlyCount "126"]

1. e4 e5 2. Nf3 Nc6 3. Bb5 Bc5 4. d3 a6 5. Bxc6 dxc6 6. Nxe5 Qd4 7. O-O Qxe5 8.
Nd2 Nf6 9. Nf3 Qe7 10. Bg5 h6 11. Bh4 g5 12. Bg3 Bg4 13. e5 Nh5 14. h3 Nxg3 15.
Re1 h5 16. c3 Bxf3 17. Qxf3 h4 18. d4 Nh5 19. dxc5 Qxc5 20. e6 O-O-O 21. exf7
Kb8 22. Re8 Rdxe8 23. fxe8=Q+ Rxe8 24. Qxh5 Rf8 25. Qe2 Qb6 26. b3 a5 27. Rd1
Rf5 28. Rd8+ Ka7 29. Re8 Qc5 30. Qe3 Qxe3 31. Rxe3 b5 32. Re4 Rd5 33. f4 gxf4
34. Rxf4 Rd1+ 35. Rf1 Rd3 36. Rc1 Rd2 37. c4 Kb6 38. c5+ Ka6 39. a4 bxa4 40.
bxa4 Rd4 41. Rb1 Rxa4 42. Rb8 Rb4 43. Ra8+ Kb5 44. Kf1 a4 45. Ke1 Kxc5 46. Kd1
Kc4 47. Kc2 Kc5 48. Kc3 Rc4+ 49. Kb2 Rf4 50. Ka3 Kb5 51. Rb8+ Kc5 52. Ra8 Rb4
53. Rxa4 Rxa4+ 54. Kxa4 Kd4 55. Kb4 c5+ 56. Kb3 c4+ 57. Kc2 c5 58. Kc1 c3 59.
Kc2 c4 60. Kc1 Kd3 61. g4 hxg3 62. h4 g2 63. h5 g1=Q# 0-1

[Event "Tournoi Skype 012A"]
[Site "Skype"]
[Date "????.??.??"]
[Round "7.1"]
[White "Torres Renjifo, Saulo De Jesus"]
[Black "Hervais, Adrien"]
[Result "1-0"]
[WhiteElo "1897"]
[BlackElo "2074"]
[PlyCount "59"]

1. e4 e6 2. d3 d5 3. Nd2 Nf6 4. Ngf3 c5 5. g3 Nc6 6. Bg2 Be7 7. O-O b6 8. Re1
Bb7 9. c3 Qc7 10. Nf1 O-O 11. Bf4 e5 12. Nxe5 Nxe5 13. d4 cxd4 14. cxd4 Bd6 15.
dxe5 Bxe5 16. Rc1 Qd6 17. Bxe5 Qxe5 18. exd5 Qd6 19. Ne3 Rfe8 20. Qa4 a6 21.
Nf5 Rxe1+ 22. Rxe1 Qc5 23. Qf4 Qa5 24. Re5 Qxa2 25. Qg5 g6 26. Qxf6 gxf5 27.
Rxf5 Qb1+ 28. Bf1 Rb8 29. Qxf7+ Kh8 30. Qf6+ 1-0

[Event "Tournoi Skype 012A"]
[Site "Skype"]
[Date "????.??.??"]
[Round "7.2"]
[White "Jacquelin, Norbert"]
[Black "Auger, Bertrand"]
[Result "0-1"]
[WhiteElo "1807"]
[BlackElo "2055"]
[PlyCount "116"]

1. e4 e6 2. d4 d5 3. Nc3 dxe4 4. Nxe4 Bd7 5. Nf3 Bc6 6. Bd3 Nd7 7. c3 Ngf6 8.
Nxf6+ Nxf6 9. Bg5 Be7 10. Qe2 h6 11. Bxf6 Bxf6 12. Bb5 Qd7 13. Bxc6 Qxc6 14.
O-O O-O 15. Rfe1 Rad8 16. Qe4 Qa6 17. Qe2 Qb6 18. Rad1 c6 19. b3 a5 20. Qc2 c5
21. dxc5 Qxc5 22. c4 b5 23. Nd2 Qc7 24. Nf3 Rc8 25. Re4 Qb7 26. Qe2 bxc4 27.
Rxc4 Rfd8 28. Rxc8 Rxc8 29. h3 Qc6 30. g3 Qc2 31. Qxc2 Rxc2 32. Rd2 Rc1+ 33.
Kg2 g6 34. Ng1 Kf8 35. Ne2 Rc5 36. Nf4 Ke7 37. g4 Bg5 38. Rd4 Rc2 39. Ra4 Bxf4
40. Rxf4 Rxa2 41. Rd4 Ra3 42. f4 Rxb3 43. Ra4 Rb5 44. h4 h5 45. gxh5 Rxh5 46.
Kg3 Kd6 47. Rc4 Rc5 48. Rd4+ Kc7 49. Kg4 Rf5 50. Re4 Kb6 51. Rd4 Kb5 52. Rd7 a4
53. Rb7+ Kc4 54. Ra7 Kb4 55. Rb7+ Rb5 56. Rxf7 a3 57. Rf6 a2 58. Rxe6 a1=Q 0-1

[Event "Tournoi Skype 012A"]
[Site "Skype"]
[Date "????.??.??"]
[Round "7.4"]
[White "Salazar Ticeran, Antonio"]
[Black "Deville, Olivier"]
[Result "0-1"]
[WhiteElo "1841"]
[BlackElo "1958"]
[PlyCount "36"]

1. e4 c5 2. Nf3 d6 3. Bb5+ Nd7 4. Nc3 Ngf6 5. d3 g6 6. h4 Bg7 7. Ng5 e6 8.
Bxd7+ Bxd7 9. h5 Nxh5 10. Rxh5 gxh5 11. Qxh5 Qe7 12. Bf4 Bxc3+ 13. bxc3 Qf6 14.
Bxd6 Qxc3+ 15. Ke2 O-O-O 16. Nxf7 Be8 17. Be5 Bxf7 18. Bxc3 Bxh5+ 0-1

[Event "Tournoi Skype 012A"]
[Site "Skype"]
[Date "????.??.??"]
[Round "7.5"]
[White "Plourde, Alain"]
[Black "Lambert, Pierre"]
[Result "0-1"]
[WhiteElo "1876"]
[BlackElo "1938"]
[PlyCount "100"]

1. d4 Nf6 2. c4 e6 3. a3 d5 4. Nc3 c6 5. e3 Bd6 6. Nf3 O-O 7. Bd3 Re8 8. O-O e5
9. dxe5 Bxe5 10. Nxe5 Rxe5 11. Qc2 Qd6 12. b4 Ng4 13. g3 Nxh2 14. Kxh2 Qh6+ 15.
Kg1 Rh5 16. Bxh7+ Kf8 17. Be4 dxe4 18. Qxe4 Bf5 19. Qf3 Qg6 20. Qf4 Na6 21. Rd1
Qg4 22. Bb2 Qh3 23. Qf3 Bg4 24. Qg2 Qxg2+ 25. Kxg2 Bxd1 26. Rxd1 Ke7 27. Ne2
Rh7 28. e4 Rd8 29. Rxd8 Kxd8 30. Bd4 b6 31. g4 Nc7 32. Nf4 Ke7 33. Nh5 Ne6 34.
Be3 g6 35. Nf4 Nxf4+ 36. Bxf4 Rh8 37. Bg5+ Ke6 38. f4 f6 39. f5+ gxf5 40. exf5+
Ke5 41. Bc1 Rd8 42. Bb2+ Kf4 43. Bxf6 Rd2+ 44. Kf1 Kxg4 45. Bc3 Rd3 46. Bb2
Kxf5 47. Ke2 Ke4 48. Bc1 Rh3 49. c5 Rh2+ 50. Kd1 Kd3 0-1

[Event "Tournoi Skype 012A"]
[Site "Skype"]
[Date "????.??.??"]
[Round "7.6"]
[White "Brun, Jacques"]
[Black "Rico Hernandez, Edgar"]
[Result "1-0"]
[WhiteElo "1783"]
[BlackElo "1904"]
[PlyCount "61"]

1. e4 d6 2. d4 Nf6 3. Nc3 g6 4. Nf3 Bg7 5. Bc4 c6 6. O-O O-O 7. Re1 Bg4 8. h3
Bxf3 9. Qxf3 e6 10. Bg5 h6 11. Bh4 g5 12. Bg3 d5 13. exd5 Nxd5 14. Rad1 Nd7 15.
Nxd5 cxd5 16. Bb3 Rc8 17. c3 Qf6 18. Qd3 Rfd8 19. Bc2 Nf8 20. Be5 Qe7 21. Bxg7
Kxg7 22. Re3 Ng6 23. g3 Rh8 24. Qe2 Rcg8 25. Bxg6 Kxg6 26. Qf3 Qd8 27. Rde1 Qf6
28. Qe2 Kg7 29. Rf3 Qd8 30. Qe5+ Kh7 31. Rxf7+ 1-0

[Event "Tournoi Skype 012A"]
[Site "Skype"]
[Date "????.??.??"]
[Round "7.7"]
[White "Hilton, Stephen"]
[Black "Ergin, Ahmet"]
[Result "1-0"]
[WhiteElo "1892"]
[BlackElo "1499"]
[PlyCount "127"]

1. d4 d5 2. c4 e5 3. dxe5 d4 4. Nf3 Nc6 5. g3 Nge7 6. Bg2 Ng6 7. Qa4 Bb4+ 8.
Nbd2 O-O 9. O-O Be7 10. Rd1 Ngxe5 11. Nxe5 Nxe5 12. Nf3 Nxf3+ 13. Bxf3 c5 14.
Qb3 Rb8 15. Bf4 Bd6 16. Bxd6 Qxd6 17. e3 Be6 18. Qa3 Rfd8 19. exd4 cxd4 20. c5
Qe5 21. Qxa7 Bd7 22. Qb6 Bc6 23. Bxc6 bxc6 24. Qxc6 Rxb2 25. Re1 Re2 26. Rxe2
Qxe2 27. Qb6 Re8 28. c6 d3 29. Qb5 Qc2 30. c7 Kf8 31. Qb3 Qxb3 32. axb3 d2 33.
Kf1 Rc8 34. Rd1 Rxc7 35. Rxd2 Rb7 36. Rd3 Ke7 37. Ke2 Ke6 38. Kd2 g5 39. Ke3
Ke5 40. Rc3 f6 41. g4 h6 42. h3 Rb6 43. f3 Rb7 44. Kf2 Rb6 45. Re3+ Kd5 46. Ke2
Ra6 47. Rd3+ Ke5 48. Rd2 Rb6 49. Rd3 Ra6 50. Kf2 Rb6 51. Kg3 Ra6 52. Re3+ Kd5
53. b4 Kc4 54. Re8 Kxb4 55. Rh8 f5 56. gxf5 Kc5 57. Re8 Rf6 58. Kg4 Kd5 59. f4
gxf4 60. Kxf4 Rd6 61. Rf8 Rd7 62. Rf6 Rh7 63. Rg6 h5 64. Kg5 1-0

[Event "Tournoi Skype 012A"]
[Site "Skype"]
[Date "????.??.??"]
[Round "7.8"]
[White "Meyer, Eric"]
[Black "Bourdeau, Yvan"]
[Result "1-0"]
[WhiteElo "1741"]
[BlackElo "1647"]
[PlyCount "89"]

1. d4 Nf6 2. c4 e6 3. Nf3 Bb4+ 4. Bd2 Qe7 5. e3 O-O 6. Bd3 Bxd2+ 7. Nbxd2 d6 8.
Qc2 h6 9. O-O Nbd7 10. Ne4 Nxe4 11. Bxe4 e5 12. Rfe1 c6 13. Rac1 Re8 14. Bf5
Nf6 15. dxe5 dxe5 16. Nh4 e4 17. Red1 Qe5 18. Bxc8 Raxc8 19. g3 g5 20. Ng2 Rcd8
21. Qe2 Kg7 22. h3 h5 23. b3 Qc7 24. Rd4 c5 25. Rdd1 Rxd1+ 26. Rxd1 Rd8 27. h4
g4 28. Nf4 Kh6 29. Kf1 Rxd1+ 30. Qxd1 Qd7 31. Qc2 b6 32. Ke2 Qc6 33. Qd2 Qd7
34. Qc3 Qd6 35. Qd2 Qxd2+ 36. Kxd2 Nd7 37. Nd5 Kg7 38. Nc3 f5 39. Nb5 a5 40.
Nc3 Ne5 41. Ke2 Nd7 42. Nd5 Kh6 43. Ne7 Ne5 44. Nxf5+ Kg6 45. Nd6 1-0

[Event "Tournoi Skype 012A"]
[Site "Skype"]
[Date "????.??.??"]
[Round "7.9"]
[White "Sharma, Mayank"]
[Black "Engstrom, Olle"]
[Result "1-0"]
[WhiteElo "1707"]
[BlackElo "1600"]
[PlyCount "53"]

1. e4 c5 2. Nf3 Nc6 3. d4 cxd4 4. Nxd4 Nf6 5. Nc3 e5 6. Nf3 Bb4 7. Bg5 d6 8. a3
Ba5 9. Bc4 h6 10. Bxf6 Qxf6 11. O-O Bg4 12. Nd5 Qg6 13. Qd3 Bxf3 14. Qxf3 Nd4
15. Qd3 Rc8 16. c3 Ne6 17. Ba2 Nc5 18. Qb5+ Kf8 19. Qxa5 Nxe4 20. f4 Nc5 21.
fxe5 dxe5 22. Nc7 b6 23. Qxa7 f5 24. Nd5 Qe6 25. Rxf5+ Qxf5 26. Qe7+ Kg8 27.
Nf6# 1-0

[Event "Tournoi Skype 012A"]
[Site "Skype"]
[Date "????.??.??"]
[Round "7.10"]
[White "Chaignet, Lucas"]
[Black "Le Brun, Yves"]
[Result "1-0"]
[WhiteElo "1711"]
[BlackElo "1628"]
[PlyCount "81"]

1. e4 c5 2. Nf3 d6 3. d4 cxd4 4. Nxd4 e5 5. Nb3 Be6 6. Nc3 a6 7. Be3 Nf6 8. Be2
Nbd7 9. Qd2 Nb6 10. Bxb6 Qxb6 11. O-O Be7 12. Rad1 O-O 13. Kh1 Rac8 14. f4 Rfd8
15. f5 Bc4 16. Bxc4 Rxc4 17. Qe2 Rcc8 18. Nd5 Nxd5 19. Rxd5 Qc7 20. c3 Qc4 21.
Qf3 f6 22. Rfd1 b6 23. Qe3 Qc7 24. Nc1 Bf8 25. Ne2 Rd7 26. Ng3 g6 27. Qe2 Rg7
28. Qxa6 Qc6 29. Qe2 Rd8 30. Qg4 Qe8 31. Kg1 h5 32. Qf3 h4 33. Nf1 g5 34. Ne3
Ra7 35. a3 b5 36. h3 Kh7 37. Qe2 Ra4 38. Nc2 Kh6 39. Rxb5 Qc6 40. Nb4 Qd7 41.
Nd5 1-0

[Event "Tournoi Skype 012A"]
[Site "Skype"]
[Date "????.??.??"]
[Round "7.12"]
[White "Mulrooney, Justin"]
[Black "Legueltel, Daniel"]
[Result "1-0"]
[WhiteElo "1550"]
[BlackElo "1653"]
[PlyCount "35"]

1. d4 d5 2. c4 c6 3. Nf3 Nf6 4. Nc3 e6 5. e3 Nbd7 6. Be2 Be7 7. O-O O-O 8. Qc2
dxc4 9. Bxc4 b5 10. Bd3 Bb7 11. e4 h6 12. e5 Nd5 13. a3 a6 14. Qe2 c5 15. Qe4
f5 16. exf6 N7xf6 17. Qxe6+ Kh8 18. Ne5 1-0

[Event "Tournoi Skype 012A"]
[Site "Skype"]
[Date "????.??.??"]
[Round "7.13"]
[White "Janssen, Gerard"]
[Black "Kumar Pradhan, Prachurya"]
[Result "1/2-1/2"]
[WhiteElo "1652"]
[BlackElo "1589"]
[PlyCount "136"]

1. d4 Nf6 2. c4 e6 3. Nc3 Bb4 4. e3 b6 5. Nf3 Bb7 6. Be2 c5 7. O-O O-O 8. Qc2
cxd4 9. Nxd4 Nc6 10. a3 Be7 11. b4 d5 12. Nf3 dxc4 13. Bxc4 a6 14. Bb2 Qc7 15.
Bd3 Rac8 16. Rac1 Rfd8 17. Ne4 Nxe4 18. Bxe4 f5 19. Bd3 Bf6 20. Bxf6 gxf6 21.
Qb3 Qe7 22. Bxf5 Kf7 23. Bxh7 Rh8 24. Qb1 f5 25. Rfd1 Rxh7 26. h3 Rg8 27. Kf1
Ke8 28. Rd2 Qg7 29. Ne1 Ne5 30. Qb3 Bxg2+ 31. Ke2 Bd5 32. Rxd5 exd5 33. Qxd5
Nd7 34. Rc8+ Ke7 35. Rxg8 Qb2+ 36. Kf1 Rxh3 37. Rg6 Qe5 38. Qg2 Rh2 39. Qg5+
Kf7 40. Rh6 Rxh6 41. Qxh6 Nf6 42. Nf3 Qa1+ 43. Kg2 Ne4 44. Qh7+ Qg7+ 45. Qxg7+
Kxg7 46. Ne5 Nd6 47. Kf3 Nb5 48. a4 Nc3 49. a5 bxa5 50. bxa5 Nd5 51. Nc6 Kf6
52. Nb8 Nb4 53. Kf4 Nd5+ 54. Kf3 Nb4 55. Ke2 Ke7 56. Kd2 Kd6 57. Kc3 Kc5 58. f3
Kb5 59. e4 fxe4 60. fxe4 Kxa5 61. e5 Kb5 62. Kd4 Nc6+ 63. Nxc6 Kxc6 64. Kc4 a5
65. Kd4 a4 66. Kc4 a3 67. Kb3 Kd5 68. Kxa3 Kxe5 1/2-1/2

[Event "Tournoi Skype 012A"]
[Site "Skype"]
[Date "????.??.??"]
[Round "7.15"]
[White "Malbec, Robert"]
[Black "Murgia, Stefano"]
[Result "1/2-1/2"]
[WhiteElo "1518"]
[BlackElo "1714"]
[PlyCount "63"]

1. e4 e5 2. Nf3 Nc6 3. Bc4 Nf6 4. Nc3 Be7 5. d3 O-O 6. O-O Na5 7. Nxe5 d6 8.
Nf3 Nxc4 9. dxc4 c6 10. h3 Re8 11. Bg5 h6 12. Bf4 Be6 13. b3 Qa5 14. Bd2 Qh5
15. Nh2 Qg6 16. Qf3 Nd7 17. Qg3 Qh7 18. Rae1 h5 19. h4 Ne5 20. f4 Ng4 21. f5
Nxh2 22. Kxh2 Bd7 23. f6 Bf8 24. Rf4 Kh8 25. Ref1 Be6 26. Ne2 gxf6 27. Bc3 Bg7
28. Bxf6 Rg8 29. Qg5 Bxf6 30. Qxf6+ Rg7 31. Nd4 Qg6 32. Nxe6 1/2-1/2

[Event "Tournoi Skype 012A"]
[Site "Skype"]
[Date "????.??.??"]
[Round "7.16"]
[White "Kumar Pradhan, Soundarya"]
[Black "Fouquereau, Andre"]
[Result "1-0"]
[WhiteElo "1682"]
[BlackElo "1557"]
[PlyCount "59"]

1. d4 d5 2. c4 Nf6 3. cxd5 Qxd5 4. Nc3 Qa5 5. Bd2 c6 6. e3 Qb6 7. Bc4 e6 8. Qc2
Be7 9. Nf3 Nbd7 10. O-O Qc7 11. Rac1 Bd6 12. a3 O-O 13. Ba2 Qb8 14. Bb1 h6 15.
e4 e5 16. d5 Nc5 17. b4 Ncd7 18. dxc6 bxc6 19. Na4 Bb7 20. Be3 c5 21. bxc5 Qc7
22. cxd6 Qxd6 23. Nc5 Nxc5 24. Bxc5 Qxc5 25. Qxc5 Rfc8 26. Qxe5 Rxc1 27. Rxc1
Re8 28. Qb5 Bxe4 29. Bxe4 Rxe4 30. Qb8+ 1-0

[Event "Tournoi Skype 012A"]
[Site "Skype"]
[Date "????.??.??"]
[Round "7.18"]
[White "Briere, Jean"]
[Black "Dubois, Real"]
[Result "1/2-1/2"]
[WhiteElo "1519"]
[BlackElo "1560"]
[PlyCount "61"]

1. e4 e5 2. Nf3 d6 3. Bc4 Be7 4. O-O Nf6 5. d3 O-O 6. h3 Nbd7 7. Be3 c6 8. Nc3
Nb6 9. Bb3 d5 10. exd5 Nbxd5 11. Nxd5 Nxd5 12. Re1 Re8 13. Qd2 Be6 14. Nxe5 Bf6
15. d4 Bxe5 16. dxe5 Qc7 17. Bd4 c5 18. Bc3 Red8 19. Qe2 Qc6 20. Bxd5 Rxd5 21.
Qf3 Rad8 22. Rad1 Qc8 23. b3 b6 24. Rxd5 Rxd5 25. Rd1 Rxd1+ 26. Qxd1 Qd7 27.
Qf3 Qd5 28. Qxd5 Bxd5 29. f4 g6 30. g3 Kf8 31. Kf2 1/2-1/2

[Event "Tournoi Skype 012A"]
[Site "Skype"]
[Date "????.??.??"]
[Round "7.19"]
[White "L'Herbon De Lussats, Jean"]
[Black "Loyarte, Frederic"]
[Result "0-1"]
[WhiteElo "1525"]
[BlackElo "1519"]
[PlyCount "78"]

1. c4 c5 2. e4 e5 3. Nf3 Nc6 4. d3 d6 5. Be3 Qb6 6. b3 Bg4 7. Be2 Nf6 8. Nh4
Bxe2 9. Qxe2 Nd4 10. Bxd4 cxd4 11. O-O Be7 12. Nf5 g6 13. Nxe7 Kxe7 14. Nd2 Qc7
15. Rac1 b6 16. b4 h5 17. Rc2 Nd7 18. Rfc1 a5 19. a3 axb4 20. axb4 Ra4 21. b5
Nc5 22. Rb1 Rha8 23. Nf3 Ra1 24. Rcc1 R8a2 25. Qe1 Nxd3 26. Qd1 Nxc1 27. Qxc1
Rxb1 28. Qxb1 Qxc4 29. h4 Qe2 30. Qf1 d3 31. Qxe2 dxe2 32. Kh2 f5 33. Ne1 fxe4
34. Kh3 Ra1 35. Nc2 Rc1 36. Ne3 e1=Q 37. g4 Qh1+ 38. Kg3 Rg1+ 39. Ng2 Qxg2# 0-1